00382nam a2200133 a 4500008004100000050001600041100001900057245006500076260004000141300002000181350000900201700002000210700001800230120416s1977 ||||||||||||||||| || u aT 57.95 Con aRaiffa, Howard10aConflicting objectives in decisionscedited by David E. Bell aNew YorkbJohn Wiley and Sonsc1977 ax, 442p. : ill. a0.00 aKeeney, Ralph L aBell, David E